000 00698nam a22002297a 4500
001 00503
003 DO-SdBNP
005 20180205151647.0
007 00503
008 160608b xxu 2004||||| |||| 00| 0 spa d
020 _a9780971995093
040 _aBPMSU
_bspa
_cBPMSU
092 _axxxxxxxx
_bxxxxxxxx
100 1 _aPosada, Joachim de,
245 1 _aSobrevivir entre pirañas :
_bmotivación para el éxito /
_cJoachim de Posada ; traducción Alejandrina Gamundi
260 _aMiami, Florida :
_bPlaneta,
_c2004.
300 _a229 p. :
_bil.,
_c23 cm.
700 _aGamundi, Alejandrina,
_btr.
942 _2ddc
_cBK
945 _aInventariado, 2018/ YL
956 _aBTAVÄREZ
_b10
_c20160806
_d00503
999 _c10321
_d10321